| 000 | 01034cam a2200385 4500 | ||
|---|---|---|---|
| 001 | 424 | ||
| 003 | DO-SdBPM | ||
| 005 | 20250826115737.0 | ||
| 007 | ta | ||
| 008 | 100112s2010 sp | |||| 000 d spa | ||
| 017 | _b | ||
| 020 | _a9789972082894 | ||
| 035 | _a | ||
| 040 |
_aDO-SdBPM _bspa _cBPMSU _erda |
||
| 041 | 1 |
_aspa _h |
|
| 080 | _a | ||
| 082 | 4 |
_a822.33 _bS527o 2010 _222 |
|
| 100 | 1 |
_aShakespeare, William _d1564-1616 _eautor |
|
| 245 | 1 | 0 |
_aOtelo / _cWilliam Shakespeare _h |
| 250 | _a | ||
| 260 |
_b _c |
||
| 264 |
_a Lima : _bEditora Chirre, _c2010 |
||
| 300 |
_a79 páginas ; _c18 cm |
||
| 336 |
_atexto _btxt _2rdacontent |
||
| 337 |
_asin mediación _bn _2rdamedia |
||
| 338 |
_avolumen _bnc _2rdacarrier |
||
| 490 | 0 |
_a Cuentos de la literatura universal _v |
|
| 590 | _aInventariado, 2025/VM | ||
| 600 | _2t | ||
| 650 | 7 | _aTeatro inglés | |
| 650 | 7 | _aTragedia inglesa | |
| 700 | 1 |
_aAstrana Marín, Luis _d1889-1959 |
|
| 910 | _aVMateo V. Control de calidad. BPMSU | ||
| 942 |
_2ddc _cBK |
||
| 999 |
_c11431 _d11431 |
||